| 000 | 00393nam a2200109Ia 4500 | ||
|---|---|---|---|
| 008 | 160909s9999 xx 000 0 und d | ||
| 100 | _aAndre, Randall S. | ||
| 245 | 4 | _aThe factors required for winning the business simulation game: A regression analysis | |
| 260 |
_bCapella University. _c2016 |
||
| 650 | _aENTREPRENEURSHIP | ||
| 856 | _uhttp://pqdtopen.proquest.com/doc/1774427611.html?FMT=ABS | ||
| 999 |
_c304468 _d304468 |
||